A weekend with Wendell / (Record no. 5036)

MARC details
000 -LEADER
fixed length control field 00912nam a22002897a 4500
001 - CONTROL NUMBER
control field 5036
003 - CONTROL NUMBER IDENTIFIER
control field FISKH
005 - DATE AND TIME OF LATEST TRANSACTION
control field 20241204154439.0
008 - FIXED-LENGTH DATA ELEMENTS--GENERAL INFORMATION
fixed length control field 241101b cb ||||| |||| 00| 0 eng d
020 ## - INTERNATIONAL STANDARD BOOK NUMBER
International Standard Book Number 9780688140243
040 ## - CATALOGING SOURCE
Original cataloging agency FISKH
Language of cataloging eng
Transcribing agency FISKH
Modifying agency FISKH
050 ## - LIBRARY OF CONGRESS CALL NUMBER
Classification number PZ7.H389
082 ## - DEWEY DECIMAL CLASSIFICATION NUMBER
Classification number 808.068
100 ## - MAIN ENTRY--PERSONAL NAME
Personal name Henkes, Kevin
Dates associated with a name (1960-)
245 ## - TITLE STATEMENT
Title A weekend with Wendell /
Statement of responsibility, etc. By Kevin Henkes
250 ## - EDITION STATEMENT
Edition statement 1986
260 ## - PUBLICATION, DISTRIBUTION, ETC.
Place of publication, distribution, etc. New York :
Name of publisher, distributor, etc. GreenWillow,
Date of publication, distribution, etc. 1986.
300 ## - PHYSICAL DESCRIPTION
Extent 30 pages :
Other physical details color illustrations ;
Dimensions 26 cm
505 ## - FORMATTED CONTENTS NOTE
Formatted contents note L<br/>
520 ## - SUMMARY, ETC.
Summary, etc. Sophie does not enjoy energetic, assertive Wendell's weekend visit until the very end, when she learns to assert herself and finds out Wendell can be fun to play with after all.
521 8# - TARGET AUDIENCE NOTE
Target audience note 510L<br/>
Source Lexile<br/>
521 8# - TARGET AUDIENCE NOTE
Target audience note L<br/>
Source Raz-Plus<br/>
650 ## - SUBJECT ADDED ENTRY--TOPICAL TERM
Source of heading or term Friendship
Topical term or geographic name entry element Sharing
650 ## - SUBJECT ADDED ENTRY--TOPICAL TERM
Source of heading or term Fiction
Topical term or geographic name entry element Sleepover
942 ## - ADDED ENTRY ELEMENTS (KOHA)
Source of classification or shelving scheme Dewey Decimal Classification
Koha item type Books
Suppress in OPAC No
Holdings
Withdrawn status Lost status Source of classification or shelving scheme Damaged status Not for loan Collection Home library Current library Shelving location Date acquired Total Checkouts Full call number Barcode Date last seen Copy number Price effective from Koha item type
    Dewey Decimal Classification     Fiction Footprints International School Library Network Toul Kork Campus Footprints International School Library Network Toul Kork Campus TK Primary Library Room(4th Floor), Bookcase 3&4, Shelves 17-32, Yellow Books 11/01/2024   HEN 808.068 PZ7.H389 FISTK04057 11/01/2024 1 11/01/2024 Books